| 000 | 00632nam a2200205Ia 4500 | ||
|---|---|---|---|
| 005 | 20260429112105.0 | ||
| 008 | 260429s9999||||xx |||||||||||||| ||und|| | ||
| 020 | _a9781440880988 | ||
| 041 | _aEnglish | ||
| 082 |
_a025.21 _bSCH |
||
| 100 | _aSchreiber, Mary | ||
| 245 | 0 |
_aCurating community collections : _ba holistic approach to diverse collection development / _cMary Schreiber |
|
| 250 | _a1st ed. | ||
| 260 |
_aNew York : _bBloomsbury Libraries Unlimited, _c2024. |
||
| 300 | _axii, 308 p.; pbk | ||
| 650 | _a Collection management | ||
| 650 | _aCollection development | ||
| 700 | _a Barlett, Wendy K. | ||
| 942 | _cTB | ||
| 999 |
_c52300 _d52300 |
||